Venta y protección del consumidor. Una visión a través del caleidoscopio latinoamericano
Guardat en:
| Altres autors: | |
|---|---|
| Format: | Llibre |
| Idioma: | espanyol |
| Publicat: |
Santiago, Chile
Thomson Reuters, Legal Publishing
2019
|
| Edició: | 1a. ed |
| Col·lecció: | Monografías
|
| Matèries: | |
| Etiquetes: |
Afegir etiqueta
Sense etiquetes, Sigues el primer a etiquetar aquest registre!
|
MARC
| LEADER | 00000cam a2200000 a 4500 | ||
|---|---|---|---|
| 001 | UCC8468 | ||
| 003 | CL-VaPUC | ||
| 005 | 20210807001629.0 | ||
| 008 | 190705e20190000cl |||||||||||||||||spa|d | ||
| 999 | |c 374795 |d 374793 | ||
| 020 | |a 9789564000312 | ||
| 040 | |c Pontificia Universidad Católica de Valparaíso | ||
| 082 | 0 | 4 | |a 346.02 FER 2019 |2 21 |
| 100 | 0 | |a Ferrante, Alfredo |e director |9 603153 | |
| 245 | 1 | 0 | |a Venta y protección del consumidor. |b Una visión a través del caleidoscopio latinoamericano |
| 250 | |a 1a. ed | ||
| 260 | |a Santiago, Chile |b Thomson Reuters, |b Legal Publishing |c 2019 | ||
| 300 | |a 564 páginas | ||
| 440 | |a Monografías |9 856527 | ||
| 583 | |a last modification |c 20190705 13:21:00 |k Rodrigo Vera | ||
| 650 | 0 | |a Protección al consumidor |9 255293 | |
| 650 | 7 | |a RESPONSABILIDAD CIVIL |2 CL-VaPUC |9 603154 | |
| 650 | 0 | |a Consumidores |9 315658 | |
| 650 | 0 | |a Contratos |9 255153 | |
| 852 | |a BIBDER | ||
| 942 | |c BK |2 ddc | ||
| 945 | |d 20190705 13:21:00 |a dcastane | ||
| 952 | |0 0 |1 0 |3 erb |4 0 |6 346_020000000000000_FER_2019 |7 0 |8 A |9 493511 |a BIBDER |b BIBDER |d 2019-07-03 |e 11 |i 555490K |l 2 |o 346.02 FER 2019 |p 555490K |r 2025-04-10 |s 2025-04-10 |w 2019-11-24 |y BK |z Catalogado en:20190705 |k DER | ||